The future of strategic planning - Unitary Development Plans: the West Midlands Experience (Record no. 13791)
[ view plain ]
| 000 -LEADER | |
|---|---|
| fixed length control field | 00940cab a2200205 4500 |
| 001 - CONTROL NUMBER | |
| control field | ABS40004 |
| 008 - FIXED-LENGTH DATA ELEMENTS--GENERAL INFORMATION | |
| fixed length control field | 090401t1988 xxu||||| |||| 00| 0 eng d |
| 035 ## - SYSTEM CONTROL NUMBER | |
| System control number | (Sirsi) u20586 |
| 041 ## - LANGUAGE CODE | |
| Language code of text/sound track or separate title | eng |
| 100 ## - MAIN ENTRY--PERSONAL NAME | |
| Personal name | Thew, D. |
| 245 #4 - TITLE STATEMENT | |
| Title | The future of strategic planning - Unitary Development Plans: the West Midlands Experience |
| 260 ## - PUBLICATION, DISTRIBUTION, ETC. | |
| Date of publication, distribution, etc. | 1988 |
| 350 ## - PRICE (NR) (BK AM CF MU VM SE) [OBSOLETE] | |
| Price | 0 |
| 490 ## - SERIES STATEMENT | |
| Series statement | Planner |
| Volume/sequential designation | 74(11) November 1988, 19-23(5) |
| 520 ## - SUMMARY, ETC. | |
| Summary, etc. | More than two years after the Unitary Development Plan was introduced following the abolition of the metropolitan county councils, this paper considers in the light of the West Midlands experience, whether initial criticism of the new system of planning was justified; what has been achieved so far and what lessons learnt and the implications for the future of development plans in the shire counties? |
| 690 ## - LOCAL SUBJECT ADDED ENTRY--TOPICAL TERM (OCLC, RLIN) | |
| Topical term or geographic name as entry element | PLANNING LAW AND PRACTICE |
| 700 ## - ADDED ENTRY--PERSONAL NAME | |
| Personal name | Watson, P. |
| 942 ## - ADDED ENTRY ELEMENTS (KOHA) | |
| Suppress in OPAC | 0 |
| 948 ## - LOCAL PROCESSING INFORMATION (OCLC); SERIES PART DESIGNATOR (RLIN) | |
| c (OCLC) | 04/03/1997 |
| Withdrawn status | Lost status | Source of classification or shelving scheme | Damaged status | Not for loan | Home library | Current library | Shelving location | Date acquired | Total Checkouts | Full call number | Barcode | Date last seen | Copy number | Price effective from | Koha item type |
|---|---|---|---|---|---|---|---|---|---|---|---|---|---|---|---|
| Dewey Decimal Classification | London | London | Journal article | 14/09/1999 | ABS40004 | 20586-1001 | 06/08/2019 | 1 | 06/08/2019 | Journal article |